| 000 | 00671nam a2200217 a 4500 | ||
|---|---|---|---|
| 001 | 14061 | ||
| 003 | CO-ViMGA | ||
| 005 | 20230915230757.0 | ||
| 008 | 141112s2004 ck r 000 u spa d | ||
| 020 | _a8480131861 | ||
| 040 |
_aCO-ViMGA _bspa _cCO-ViMGA |
||
| 082 | 0 | 4 | _a796.4 S152b |
| 100 | 1 |
_aSanchez N., Domingo _912787 |
|
| 245 | 1 | 0 |
_aBases para la enseñanza del aerobic _baspectos y recursos didacticos en el proceso de enseñanza |
| 260 |
_aMadrid : _bGymnos, _c1999 |
||
| 300 | _a169 | ||
| 590 | _aForma de adquisición : COMPRA | ||
| 650 | 1 | 4 |
_aEJERCICIOS AEROBICOS - ENSEÑANZA _912789 |
| 650 | 1 | 4 |
_aGIMNASIA AEROBICA - ENSEÑANZA _912788 |
| 942 |
_2ddc _cBK |
||
| 999 |
_c24762 _d24762 |
||